Pranab mukherjee: (Record no. 193274)

MARC details
000 -LEADER
fixed length control field 00564nam a22001817a 4500
005 - DATE AND TIME OF LATEST TRANSACTION
control field 20221019151532.0
010 ## - LCCN (DPL NO)
LC control number ENG-135498
020 ## - INTERNATIONAL STANDARD BOOK NUMBER
Terms of availability 1500.00
035 ## - SYSTEM CONTROL NUMBER
System control number EN-119030
037 ## - SOURCE OF ACQUISITION
Source of stock number/acquisition DBAD/PUB
082 ## - DEWEY DECIMAL CLASSIFICATION NUMBER
Classification number 920
245 ## - TITLE STATEMENT
Title Pranab mukherjee:
Remainder of title The all season man/
Statement of responsibility, etc ed. by sukhendu sekhar roy
260 ## - PUBLICATION, DISTRIBUTION, ETC. (IMPRINT)
Place of publication, distribution, etc kolkata
Name of publisher, distributor, etc sankar mondal
Date of publication, distribution, etc 2010
270 ## - ADDRESS
Address 209A bindan sarani,
City kolkata
Postal code 700006
Telephone number 913322412538
Electronic mail address deep_prakashan@hotmail.com
300 ## - PHYSICAL DESCRIPTION
Extent 256p.
Dimensions 23cm(hbk)
700 ## - ADDED ENTRY--PERSONAL NAME
Personal name ray, sukendu sekhar
Relator term editor
942 ## - ADDED ENTRY ELEMENTS (KOHA)
Source of classification or shelving scheme Dewey Decimal Classification
Item type English Books
Call number suffix PRA
Classification part 920
Holdings
Withdrawn status Lost status Not for loan Collection code Home library Current library Date acquired Source of acquisition Cost, normal purchase price Full call number Barcode Copy number Cost, replacement price Koha item type
    Not For Loan Reference Central Library Central Library 19/10/2022 DBAD/PUB 1500.00 920 PRA EN-119030 1 1500.00 English Books

© Delhi Public Library
Hit Counter
free hit counter